[Event "IND-ch U20"]
[Site "Chennai"]
[Date "2009.09.28"]
[Round "11"]
[White "Sethuraman, SP."]
[Black "Arun, Karthik R"]
[Result "1-0"]
[WhiteElo "2443"]
[BlackElo "2303"]
[PlyCount "81"]
[EventDate "2009.09.20"]
[EventType "swiss"]
[EventRounds "11"]
[EventCountry "IND"]
[SourceTitle "CBM 132 Extra"]
[Source "ChessBase"]
[SourceDate "2009.11.03"]
[SourceVersion "1"]
[SourceVersionDate "2009.11.03"]
[SourceQuality "1"]

1. d4 g6 2. e4 Bg7 3. Nc3 d6 4. Be3 a6 5. Qd2 Nd7 6. h4 h5 7. Nh3 b5 8. a4 b4 9. Nd5 a5 10. Ng5 Ngf6 11. Bc4 0-0 12. Nf4 Nb6 13. Bb3 e6 14. f3 Qe7 15. g4 Ba6 16. gxh5 Nxh5 17. Nxh5 gxh5 18. 0-0-0 Bc4 19. Rdg1 Bxb3 20. cxb3 Rfc8 21. Nxe6 Qxe6 22. d5 Qe7 23. Bh6 Kf8 24. Rxg7 Ke8 25. Kb1 c6 26. Be3 Nd7 27. Rg8+ Nf8 28. Bg5 Qe5 29. Re1 c5 30. Bf4 Qd4 31. Qxd4 cxd4 32. Bxd6 Kd7 33. e5 Ng6 34. Rg7 Nh8 35. Rh7 d3 36. Rd1 Rc2 37. Rxd3 Rac8 38. Rc3 R2xc3 39. bxc3 bxc3 40. Kc2 Rg8 41. Kxc3 1-0

[Event "IND-ch U20"]
[Site "Chennai"]
[Date "2009.09.25"]
[Round "8"]
[White "Shyam, Sundar M"]
[Black "Arun, Karthik R"]
[Result "1/2-1/2"]
[WhiteElo "2403"]
[BlackElo "2303"]
[PlyCount "29"]
[EventDate "2009.09.20"]
[EventType "swiss"]
[EventRounds "11"]
[EventCountry "IND"]
[SourceTitle "CBM 132 Extra"]
[Source "ChessBase"]
[SourceDate "2009.11.03"]
[SourceVersion "1"]
[SourceVersionDate "2009.11.03"]
[SourceQuality "1"]

1. e4 e5 2. Nf3 Nc6 3. Bb5 a6 4. Bxc6 dxc6 5. 0-0 f6 6. d4 exd4 7. Nxd4 c5 8. Ne2 Qxd1 9. Rxd1 Bd7 10. Be3 0-0-0 11. Nbc3 b6 12. a4 Re8 13. Rd2 Bc6 14. Rad1 Ne7 15. Nf4 1/2-1/2

[Event "Paleochora op 2nd"]
[Site "Paleochora"]
[Date "2009.07.26"]
[Round "7"]
[White "Stefanova, Antoaneta"]
[Black "Arun, Karthik R"]
[Result "1-0"]
[WhiteElo "2535"]
[BlackElo "2291"]
[PlyCount "59"]
[EventDate "2009.07.21"]
[EventType "swiss"]
[EventRounds "9"]
[EventCountry "GRE"]
[SourceTitle "CBM 131 Extra"]
[Source "ChessBase"]
[SourceDate "2009.09.03"]
[SourceVersion "2"]
[SourceVersionDate "2009.09.16"]
[SourceQuality "1"]

1. e4 d6 2. d4 g6 3. Nc3 Bg7 4. f4 a6 5. Nf3 b5 6. Bd3 Nd7 7. e5 Bb7 8. 0-0 Nh6 9. a4 b4 10. Ne4 c5 11. c3 cxd4 12. cxd4 0-0 13. a5 dxe5 14. dxe5 Rc8 15. Qb3 Nf5 16. Bd2 Nd4 17. Nxd4 Nc5 18. Nxc5 Qxd4+ 19. Kh1 Rxc5 20. Bxb4 Rc7 21. Rad1 Rb8 22. Bc3 Qe3 23. Qc2 Bh6 24. Rde1 Qc5 25. f5 Qc6 26. e6 f6 27. fxg6 Rd8 28. gxh7+ Kg7 29. Be4 Qb5 30. Bxf6+ 1-0

[Event "Rethymno op 1st"]
[Site "Rethymno"]
[Date "2009.07.18"]
[Round "8"]
[White "Meijers, Viesturs"]
[Black "Arun, Karthik R"]
[Result "1/2-1/2"]
[WhiteElo "2483"]
[BlackElo "2291"]
[PlyCount "84"]
[EventDate "2009.07.12"]
[EventType "swiss"]
[EventRounds "9"]
[EventCountry "GRE"]
[SourceTitle "CBM 131 Extra"]
[Source "ChessBase"]
[SourceDate "2009.09.03"]
[SourceVersion "2"]
[SourceVersionDate "2009.09.16"]
[SourceQuality "1"]

1. d4 g6 2. e4 Bg7 3. Nc3 d6 4. Be3 a6 5. a4 b6 6. Be2 Nd7 7. Qd2 c5 8. f4 Bb7 9. Bd3 Qc7 10. Nge2 Rd8 11. 0-0 cxd4 12. Bxd4 Bxd4+ 13. Nxd4 Ngf6 14. Qe3 e5 15. Nb3 0-0 16. Be2 d5 17. exd5 Nxd5 18. Nxd5 Bxd5 19. Rad1 exf4 20. Qxf4 Qxf4 21. Rxf4 Bxb3 22. cxb3 Nc5 23. Rfd4 Rxd4 24. Rxd4 Nxb3 25. Rb4 Nc5 26. Rxb6 Nxa4 27. Rb7 Rc8 28. b4 Rc6 29. Ra7 Rb6 30. Bc4 Rxb4 31. Bxf7+ Kg7 32. Bc4+ Kf6 33. Bxa6 h5 34. Rc7 Rb6 35. Bd3 Rd6 36. Bc2 Nb6 37. h4 Nd5 38. Ra7 Ne3 39. Be4 Re6 40. Bf3 Nf5 41. Ra4 Rd6 42. Kh2 Rd4 1/2-1/2

[Event "Rethymno op 1st"]
[Site "Rethymno"]
[Date "2009.07.15"]
[Round "5"]
[White "Arun, Karthik R"]
[Black "Kryvoruchko, Yuriy"]
[Result "1/2-1/2"]
[WhiteElo "2291"]
[BlackElo "2611"]
[PlyCount "84"]
[EventDate "2009.07.12"]
[EventType "swiss"]
[EventRounds "9"]
[EventCountry "GRE"]
[SourceTitle "CBM 131 Extra"]
[Source "ChessBase"]
[SourceDate "2009.09.03"]
[SourceVersion "2"]
[SourceVersionDate "2009.09.16"]
[SourceQuality "1"]

1. e4 e5 2. Nf3 Nc6 3. Bb5 a6 4. Ba4 Nf6 5. 0-0 b5 6. Bb3 Bb7 7. Re1 Bc5 8. c3 0-0 9. d4 Bb6 10. Bg5 h6 11. Bh4 d6 12. dxe5 Nxe5 13. Bc2 Ng6 14. Bg3 Nh5 15. a4 Nxg3 16. hxg3 Qf6 17. Qe2 Ne5 18. Nxe5 Qxe5 19. Kh2 Bc6 20. Nd2 Qf6 21. Nf3 Rae8 22. axb5 axb5 23. Bd3 Bxe4 24. Bxe4 d5 25. Bh7+ Kxh7 26. Qxb5 Rxe1 27. Rxe1 Bxf2 28. Re2 Bb6 29. Qxd5 Rd8 30. Qe4+ g6 31. Qf4 Kg7 32. Qxf6+ Kxf6 33. g4 Rd3 34. Kg3 Bc5 35. Re4 Rd1 36. Re2 Rf1 37. Kf4 Rd1 38. b4 Bd6+ 39. Ke4 Ke7 40. Re1 Rxe1+ 41. Nxe1 Ke6 42. Nd3 Bh2 1/2-1/2

[Event "Rethymno op 1st"]
[Site "Rethymno"]
[Date "2009.07.13"]
[Round "3"]
[White "Arun, Karthik R"]
[Black "Kapnisis, Spyridon"]
[Result "1/2-1/2"]
[WhiteElo "2291"]
[BlackElo "2464"]
[PlyCount "35"]
[EventDate "2009.07.12"]
[EventType "swiss"]
[EventRounds "9"]
[EventCountry "GRE"]
[SourceTitle "CBM 131 Extra"]
[Source "ChessBase"]
[SourceDate "2009.09.03"]
[SourceVersion "2"]
[SourceVersionDate "2009.09.16"]
[SourceQuality "1"]

1. e4 e5 2. Nf3 Nc6 3. Bb5 a6 4. Ba4 d6 5. 0-0 Bd7 6. d4 Nxd4 7. Bxd7+ Qxd7 8. Nxd4 exd4 9. Qxd4 Ne7 10. b3 Nc6 11. Qe3 Be7 12. Bb2 d5 13. exd5 Qxd5 14. Nc3 Qf5 15. Ne4 0-0-0 16. Bxg7 Rhe8 17. Rfe1 f6 18. Ng3 1/2-1/2

[Event "New Delhi Parsvnath op 7th"]
[Site "New Delhi"]
[Date "2009.01.15"]
[Round "6"]
[White "Neelotpal, Das"]
[Black "Arun, Karthik R"]
[Result "1-0"]
[WhiteElo "2490"]
[BlackElo "2348"]
[PlyCount "79"]
[EventDate "2009.01.11"]
[EventType "swiss"]
[EventRounds "10"]
[EventCountry "IND"]
[SourceTitle "CBM 128 Extra"]
[Source "ChessBase"]
[SourceDate "2009.03.05"]
[SourceVersion "2"]
[SourceVersionDate "2009.03.25"]
[SourceQuality "1"]

1. e4 d6 2. d4 g6 3. Nc3 Bg7 4. Bg5 a6 5. Qd2 b5 6. Nf3 Bb7 7. Bd3 Nd7 8. a4 b4 9. Ne2 c5 10. c3 bxc3 11. bxc3 Ngf6 12. d5 c4 13. Bc2 Nc5 14. Ng3 0-0 15. 0-0 Qa5 16. Nd4 e6 17. dxe6 fxe6 18. f3 e5 19. Nde2 Rad8 20. Bh6 Bxh6 21. Qxh6 Bc6 22. Rfb1 Nb3 23. Ra2 Qc5+ 24. Kh1 Rb8 25. Rd1 a5 26. Nf1 Rfd8 27. Ne3 Rb7 28. Ng3 Rf7 29. Bb1 Rdd7 30. Ngf1 Kh8 31. Bc2 Ng8 32. Qh4 Ne7 33. Qe1 Nc8 34. Qe2 Nb6 35. Nxc4 Nxa4 36. Qd3 Bb5 37. Bxb3 d5 38. exd5 Nb6 39. Qe3 Qxe3 40. Nfxe3 1-0

[Event "Commonwealth-ch"]
[Site "Nagpur"]
[Date "2008.10.06"]
[Round "11"]
[White "Mahapatra, Sidhant"]
[Black "Arun, Karthik R"]
[Result "0-1"]
[WhiteElo "1995"]
[BlackElo "2277"]
[PlyCount "62"]
[EventDate "2008.09.28"]
[EventType "swiss"]
[EventRounds "11"]
[EventCountry "IND"]
[SourceTitle "CBM 126 Extra"]
[Source "ChessBase"]
[SourceDate "2008.11.05"]
[SourceVersion "1"]
[SourceVersionDate "2008.11.05"]
[SourceQuality "1"]

1. e4 d6 2. d4 Nf6 3. Nc3 g6 4. Bg5 Bg7 5. Qd2 c6 6. f4 0-0 7. Nf3 b5 8. a3 Bg4 9. Be2 Nbd7 10. 0-0 a5 11. e5 Ne8 12. h3 Be6 13. Qe3 Nb6 14. b3 Qd7 15. Rfd1 Nc7 16. Qf2 f6 17. Bh4 Bf5 18. Rd2 b4 19. Nd1 Nbd5 20. Bc4 Kh8 21. exf6 exf6 22. Bg3 Bh6 23. Bxd5 Nxd5 24. Ne3 Nc3 25. Nxf5 Qxf5 26. Nh4 Qd5 27. Qf3 Ne4 28. Rd3 g5 29. Qh5 gxh4 30. Qxh6 hxg3 31. Re1 f5 0-1

[Event "Commonwealth-ch"]
[Site "Nagpur"]
[Date "2008.09.30"]
[Round "3"]
[White "Shristi, J Shetty"]
[Black "Arun, Karthik R"]
[Result "0-1"]
[WhiteElo "1959"]
[BlackElo "2277"]
[PlyCount "56"]
[EventDate "2008.09.28"]
[EventType "swiss"]
[EventRounds "11"]
[EventCountry "IND"]
[SourceTitle "CBM 126 Extra"]
[Source "ChessBase"]
[SourceDate "2008.11.05"]
[SourceVersion "1"]
[SourceVersionDate "2008.11.05"]
[SourceQuality "1"]

1. e4 d6 2. d4 g6 3. Nc3 Bg7 4. Be3 a6 5. Qd2 b5 6. Bd3 Nd7 7. h4 h5 8. Nf3 Bb7 9. Ng5 Ngf6 10. f3 0-0 11. 0-0-0 Rc8 12. Be2 c5 13. d5 c4 14. Nb1 Nc5 15. g4 c3 16. Nxc3 Qa5 17. Bxc5 Rxc5 18. Bd3 Rfc8 19. Nb1 Qxa2 20. Qb4 a5 21. Qa3 Qxa3 22. Nxa3 b4 23. Nb1 hxg4 24. fxg4 Nxg4 25. Rd2 Bd4 26. Rg2 Ne3 27. Re2 Ba6 28. Kd2 Rxc2+ 0-1

[Event "Commonwealth-ch"]
[Site "Nagpur"]
[Date "2008.09.28"]
[Round "1"]
[White "Raghav, Srivathsav V"]
[Black "Arun, Karthik R"]
[Result "0-1"]
[WhiteElo "1686"]
[BlackElo "2277"]
[PlyCount "108"]
[EventDate "2008.09.28"]
[EventType "swiss"]
[EventRounds "11"]
[EventCountry "IND"]
[SourceTitle "CBM 126 Extra"]
[Source "ChessBase"]
[SourceDate "2008.11.05"]
[SourceVersion "1"]
[SourceVersionDate "2008.11.05"]
[SourceQuality "1"]

1. Nf3 Nf6 2. c4 c5 3. Nc3 b6 4. e4 d6 5. d3 Bb7 6. Be2 e6 7. Bd2 Be7 8. 0-0 0-0 9. h3 a6 10. Nh2 Nc6 11. f4 d5 12. e5 Ne8 13. cxd5 exd5 14. Ng4 f5 15. Nh2 Nd4 16. Rc1 Nc7 17. Be1 Nce6 18. Bg3 b5 19. Bf3 Kh8 20. Ne2 Nxf3+ 21. Nxf3 d4 22. a3 c4 23. Kh1 Rc8 24. Neg1 c3 25. b4 a5 26. Qb3 Bd5 27. Qb1 axb4 28. axb4 Ra8 29. Rc2 Ra4 30. Ne2 Rxb4 31. Qe1 Ra4 32. Qb1 Qa5 33. Rg1 Ra8 34. Rcc1 Bc5 35. Qc2 b4 36. Qd1 b3 37. Bf2 b2 38. Rb1 Ba2 39. Qc2 Bxb1 40. Rxb1 Ra1 41. Nfxd4 Rxb1+ 42. Qxb1 Qa1 43. Nxc3 Qxb1+ 44. Nxb1 Bxd4 45. Bxd4 Nxd4 46. Kh2 Ra1 47. Nc3 Rc1 48. Nb1 Rxb1 49. Kg3 Rf1 50. Kh4 b1Q 51. Kg5 Qxd3 52. Kh5 Qg3 53. e6 g6+ 54. Kh6 Qh4# 0-1